[Event "XII Americas Continental-ch 2017"]
[Site "Medellin"]
[Date "2017.06.15"]
[Round "8"]
[White "Bruzon Batista, Lazaro"]
[Black "Cori, Jorge"]
[Result "0-1"]
[WhiteElo "2650"]
[BlackElo "2618"]
[Annotator "TA"]
[PlyCount "80"]
[EventDate "2017.??.??"]
[EventType "swiss"]
[EventCountry "COL"]
[SourceTitle "playchess.com"]
[Source "ChessBase"]
[SourceQuality "1"]

{[%evp 9,80,32,34,6,14,12,22,25,29,24,31,20,34,16,16,13,25,18,35,30,21,0,0,0,0,0,0,0,0,7,58,0,1,7,69,58,69,77,158,86,164,133,133,136,153,133,334,327,321,302,310,213,184,66,80,60,294,0,0,0,0,0,0,-8,-8,-8,-8,-593,-594,-573,-563,-880,-879]} 1. e4 c5 2. Nf3 e6 3. d4 cxd4 4. Nxd4 Nc6 5. Nc3 Qc7 6. Qd3 {B47: Sicilian: Taimanov: 5 Nc3 Qc7 6 f4, 6 g3 and 6 Be2} (6. f4 a6 7. Be3 b5 8. Be2 Bb7 9. Bf3 Rc8 10. Nxc6 Bxc6 11. Qd4 b4 12. Ne2 Nf6 13. c4 Be7 14. O-O O-O 15. Ng3 d6 16. b3 a5 17. Kh1 Nd7 {½-½ (63) Nakamura,H (2779)-Najer,E (2679) Doha 2016}) 6... Nxd4 7. Qxd4 {Nb5 is the strong threat.} a6 $1 8. Be3 {The position is equal.} b5 9. f3 Ne7 10. O-O-O $146 ({Predecessor:} 10. Qd2 Nc6 11. Be2 Be7 12. O-O O-O 13. f4 Bb7 14. a3 Rac8 15. Rad1 {1-0 (39) Szymanowski,M (1556)-Wyszomirski,K (1656) Leba 2009}) 10... Nc6 11. Qd2 d6 12. h4 {[%cal Bh2h4,Bh4h5][%mdl 32]} Rb8 13. Kb1 Bd7 14. h5 h6 15. Bd3 b4 16. Ne2 a5 17. f4 {[%cal Bf3f4,Bf4f5][%mdl 32]} a4 18. Rc1 Be7 19. g4 {[%cal Bg2g4,Bg4g5][%mdl 32]} Bf6 (19... O-O $11) 20. Rhg1 (20. g5 $14 Bd8 21. gxh6 Rxh6 22. f5) 20... Be7 $11 21. Rcf1 Rf8 (21... Qa5 $11) 22. f5 $14 Ne5 23. g5 $1 {[%cal Rg5h6]} b3 (23... Bxg5 $142 24. Bxg5 hxg5) 24. cxb3 ({Better is} 24. gxh6 gxh6 25. Bxh6 bxa2+ 26. Kxa2) 24... axb3 (24... Nxd3 $16 25. fxe6 (25. Qxd3 axb3 26. gxh6 bxa2+ 27. Ka1 gxh6 $11) 25... fxe6 26. Rxf8+ (26. Qxd3 Rxf1+ 27. Rxf1 Bb5 $17) 26... Bxf8 27. gxh6 (27. Qxd3 axb3 28. axb3 Bb5 $14) 27... gxh6 28. Qxd3 axb3) 25. Nc3 bxa2+ {[#]} 26. Ka1 $1 hxg5 ({Less strong is} 26... Nxd3 27. Qxd3 hxg5 28. Bxg5 $11) 27. Bxg5 Bf6 $2 (27... Qb6 $16 {was called for.} 28. Bxe7 Kxe7) 28. Bxf6 $18 gxf6 29. fxe6 fxe6 30. Rg7 Qb6 31. Be2 Rf7 32. h6 Ke7 $2 ({Black should play} 32... Rxg7 $14 33. hxg7 Ke7) 33. Nd1 $2 (33. Rfg1 $18) 33... Rxg7 $11 34. hxg7 {Strongly threatening Qh6.} Ba4 35. Nc3 Bc6 $1 $36 {[%mdl 2048] Black has some pressure.} 36. Bh5 Nc4 37. Qg2 {aiming for Nd1.} Rg8 ({Much weaker is} 37... Qxb2+ $6 38. Qxb2 Nxb2 39. Rg1 $16) 38. Nd5+ $2 {[%mdl 8192]} (38. Rxf6 $1 $11 Kxf6 39. Qg6+ Ke5 40. Qg3+ Kd4 41. Nd1) 38... exd5 $19 {Black is clearly winning.} 39. exd5 {[#]} Bxd5 $1 40. Re1+ (40. Qxd5 Qxb2#) 40... Kd8 {Precision: White = 61%, Black = 49%.} 0-1

[Event "XII Americas Continental-ch 2017"]
[Site "Medellin"]
[Date "2017.06.15"]
[Round "8"]
[White "Sevian, Samuel"]
[Black "Vasquez Schroeder, Rodrigo"]
[Result "1-0"]
[WhiteElo "2601"]
[BlackElo "2553"]
[Annotator "TA"]
[PlyCount "53"]
[EventDate "2017.??.??"]
[EventType "swiss"]
[EventCountry "COL"]
[SourceTitle "playchess.com"]
[Source "ChessBase"]
[SourceQuality "1"]

{[%evp 26,53,80,58,56,56,56,59,59,59,103,77,98,98,149,88,155,79,271,268,521,501,514,515,698,685,688,692,692,692]} 1. e4 c5 2. Nf3 d6 3. d4 cxd4 4. Nxd4 Nf6 5. Nc3 Nc6 6. Bg5 e6 7. Qd2 a6 8. O-O-O h6 9. Nxc6 bxc6 10. Bf4 d5 11. Qe3 Bb4 12. Be2 {B66: Sicilian: Richter-Rauzer: 7...a6 8 0-0-0 h6} O-O 13. e5 Nh7 (13... Nd7 14. h4 c5 15. Bxh6 gxh6 16. Qxh6 Nxe5 17. Rh3 Bxc3 18. bxc3 Ra7 19. Rg3+ Ng6 20. h5 Qh4 21. Rg4 Qh2 22. Bd3 {1-0 (22) Karjakin,S (2785)-Ivanchuk,V (2747) Doha 2016}) 14. Ne4 {LiveBook: 6 Games. White is better.} f5 $1 {[%cal Rf5e4]} 15. exf6 Nxf6 16. Nxf6+ Qxf6 17. Be5 $1 {[%cal Re5f6]} Bc5 18. Qc3 $1 (18. Bxf6 $6 Bxe3+ 19. fxe3 Rxf6 $11) 18... Qxf2 19. Bd3 $1 {[#]} Ra7 $146 ({Better is} 19... Bd7) ({Predecessor:} 19... Bd7) 20. Kb1 $36 {[%mdl 3072] White has strong compensation. White is really pushing.} Bb6 (20... Raf7 $142) 21. Qb4 ({Resist} 21. Qxc6 $6 Raf7 $14) (21. Rhf1 $142 Qc5 22. Rxf8+ Kxf8 23. Qe1 (23. Rf1+ Rf7 $16)) 21... a5 $2 {[#]} (21... Bc5 $16 22. Qg4 Qe3) 22. Qg4 $1 $18 {[%cal Rg4g6]} Qe3 $2 {[#]} (22... Qf7 23. Rhf1 Qe8) 23. Qg6 $1 {[%cal Rg6h7] Qh7+ would kill now.White is clearly winning.} Qxe5 24. Rhf1 {[%csl Gd3][%cal Rg6h7]} Rff7 {...Kf8 is the strong threat.} 25. Qh7+ Kf8 {aiming for ...g5.} 26. Qh8+ Ke7 27. Rxf7+ {Precision: White = 81%, Black = 18%.} ({Less strong is} 27. Qxc8 Bf2 $14) 1-0

[Event "XII Americas Continental-ch 2017"]
[Site "Medellin"]
[Date "2017.06.15"]
[Round "8"]
[White "Fier, Alexandr"]
[Black "Bacallao Alonso, Yusnel"]
[Result "1/2-1/2"]
[WhiteElo "2576"]
[BlackElo "2554"]
[Annotator "TA"]
[PlyCount "116"]
[EventDate "2017.??.??"]
[EventType "swiss"]
[EventCountry "COL"]
[SourceTitle "playchess.com"]
[Source "ChessBase"]
[SourceQuality "1"]

{[%evp 27,116,28,26,27,24,25,51,62,59,-39,-43,-38,-39,-50,-38,-48,21,-32,-10,-16,0,0,0,0,0,0,0,-84,-46,-76,-51,-288,-186,-184,-188,-206,0,0,0,-591,-137,-104,-122,-384,-262,-363,-46,-28,127,134,129,-206,-218,-214,-184,-183,-167,-137,-157,-166,-68,-42,-64,-183,-157,-170,-108,-113,-78,-123,-50,-66,-64,-69,-66,-68,-58,-73,-8,-95,-77,-183,-45,-43,0,-193,-30,-58,-56,-77,116]} 1. d4 Nf6 2. c4 e6 3. Nf3 d5 4. Nc3 Nbd7 5. cxd5 exd5 6. Bf4 c6 7. h3 Be7 8. e3 O-O 9. Bd3 Re8 10. Qc2 Nf8 11. O-O Ng6 12. Bh2 Bd6 13. Bxd6 Qxd6 14. Rab1 Bd7 15. b4 {D35: Queen's Gambit Declined: Exchange Variation} Rac8 16. Rfc1 b6 17. Ba6 $146 {White is slightly better.} ({Predecessor:} 17. a4 Qe7 18. a5 Ne4 19. Bxe4 dxe4 20. Nd2 f5 21. axb6 axb6 {½-½ (32) Malek,D (2340)-Galdunts,S (2459) Germany 2011}) 17... Rb8 {next ...b5 is good for Black.} 18. b5 (18. Be2 $14) 18... c5 $15 19. dxc5 bxc5 20. Rd1 Ne5 21. Ne1 Qe6 (21... Be6 $15) 22. Nd3 (22. Rbc1 $11) 22... Qf5 23. Rbc1 d4 24. exd4 Nf3+ 25. gxf3 Qg5+ 26. Kh2 $1 Qh4 27. Qd2 (27. Nxc5 $2 Bxh3 28. Rd3 Nh5 $19) (27. Kg1 $1 $11 Qg5+ 28. Kh2) 27... cxd4 28. Na4 Nd5 29. Rh1 $2 ({White must play} 29. Re1 $1 $15) 29... Qxh3+ 30. Kg1 Qxf3 31. Rh2 Re4 $2 ({Stronger than} 31... Bxb5 32. Bxb5 Rxb5 33. Rg2 $15) (31... Bh3 $1 $19 32. Ne1 Qg4+ 33. Ng2 Re2) 32. Ne1 $1 $11 {[%cal Re1f3]} Rg4+ $40 {[%mdl 128] Black mounts an attack.} 33. Kf1 $2 {[%mdl 8192]} (33. Rg2 $1 $11 {and White stays safe.} Rxg2+ 34. Nxg2) 33... Qf6 $2 (33... Qf5 $19 {has better winning chances.} 34. Nc5 Re8) 34. Nc5 $17 Bf5 $1 35. Bb7 $2 {[%mdl 8192] [#]} (35. Ng2 $17 {was necessary.}) 35... Ne3+ $1 {[%mdl 512]} 36. Ke2 (36. fxe3 Bd3#) 36... Re8 $2 (36... Rxb7 $19 37. fxe3 (37. Nxb7 $2 {too greedy.} Qe5 $19) 37... dxe3) 37. fxe3 $15 dxe3 $2 ({Black should play} 37... Rxe3+ $11 38. Kd1 Rg1) 38. Qc3 $16 Rd4 39. Nf3 $2 {[%mdl 8192]} (39. Ncd3 $1 $16 {is forced if you want to stay better.}) 39... Rd2+ $1 $19 40. Ke1 {Threatens to win with Qxf6.} Qd6 41. Rxd2 exd2+ 42. Kf2 dxc1=Q 43. Qxc1 h6 (43... Bd3 $1 $19 {( -> ...Re2+)} 44. Nxd3 Qxd3) 44. Bc6 $15 Re7 45. Nb3 (45. Qc4 $15) 45... g5 $19 {[%cal Bg7g5,Bg5g4][%mdl 32]} 46. Qd2 Qf6 (46... Bd3 $19 47. Nbd4 Bb1) 47. Qd4 $17 Qe6 $1 {[%cal Re6e2] Strongly threatening ...Qe2+.} 48. Qd2 Kg7 (48... Bg4 $17 {aiming for ...Bxf3.} 49. Nbd4 Qf6) 49. Nc5 Qf6 $1 {Hoping for ...g4.} 50. Qd4 $1 g4 51. Qxf6+ Kxf6 52. Nd4 Bc8 (52... Re5 $17 53. Ncb3 h5) 53. a4 (53. Bd5 $11) 53... Ke5 54. Ne2 {[#]} (54. Ke3 $17) 54... Kd6 ({Better is} 54... h5 $1 $19 55. Nd3+ Kd6) 55. Ne4+ $15 Ke5 (55... Kc7 $15) 56. Nc5 $19 {[#]} f5 $2 (56... h5 $1 $19 {...h4 is the strong threat.} 57. Nd3+ Kd6) 57. Nd3+ Kd6 58. Ndf4 Ke5 $2 {Precision: White = 41%, Black = 31%.} (58... Bd7 $17 {stays on course.} 59. Nd4 Rh7) 1/2-1/2

[Event "XII Americas Continental-ch 2017"]
[Site "Medellin"]
[Date "2017.06.15"]
[Round "8"]
[White "Ortiz Suarez, Isan Reynaldo"]
[Black "Ramirez, Alejandro"]
[Result "1/2-1/2"]
[WhiteElo "2570"]
[BlackElo "2552"]
[Annotator "TA"]
[PlyCount "44"]
[EventDate "2017.??.??"]
[EventType "swiss"]
[EventCountry "COL"]
[SourceTitle "playchess.com"]
[Source "ChessBase"]
[SourceQuality "1"]

{[%evp 23,44,10,7,0,0,-7,-8,-49,0,-20,-40,-23,-20,-26,-20,-40,-41,-44,-37,-38,-37,-41,0]} 1. e4 c5 2. Nf3 e6 3. d4 cxd4 4. Nxd4 Nc6 5. Nc3 Qc7 6. Be3 a6 7. Be2 Nf6 8. O-O Be7 9. f4 d6 10. Kh1 O-O 11. a4 Nxd4 12. Qxd4 Bd7 13. e5 {B85: Sicilian Scheveningen: 6 Be2 a6, lines with early Be3} Ne8 14. a5 Bc6 15. Na4 {The position is equal.} f6 $146 ({Predecessor:} 15... Rd8 16. Qc3 Rc8 17. Nb6 Rd8 18. Bd4 dxe5 19. Bxe5 Bd6 20. Rad1 Bxe5 21. fxe5 {1-0 (45) Kovchan,A (2591)-Miladinovic,L (2186) Heraklion 2015}) 16. c4 dxe5 17. fxe5 Rd8 18. Qc3 {With the idea Bb6.} Qxe5 19. Qxe5 fxe5 {Black is slightly better.} 20. Nc5 $1 Rxf1+ 21. Rxf1 Nf6 {aiming for ...Bxc5.} 22. Nxe6 Rc8 1/2-1/2

[Event "XII Americas Continental-ch 2017"]
[Site "Medellin"]
[Date "2017.06.15"]
[Round "8"]
[White "Flores, Diego"]
[Black "Tang, Andrew"]
[Result "1/2-1/2"]
[WhiteElo "2567"]
[BlackElo "2461"]
[Annotator "TA"]
[PlyCount "39"]
[EventDate "2017.??.??"]
[EventType "swiss"]
[EventCountry "COL"]
[SourceTitle "playchess.com"]
[Source "ChessBase"]
[SourceQuality "1"]

{[%evp 26,39,0,0,0,0,0,0,0,0,0,0,0,0,0,0]} 1. d4 d5 2. c4 e6 3. Nc3 Be7 4. Nf3 Nf6 5. Bg5 h6 6. Bh4 O-O 7. e3 b6 8. Bd3 Bb7 9. O-O Nbd7 10. cxd5 Nxd5 11. Bg3 c5 12. Rc1 Nxc3 13. bxc3 Nf6 {D58: Queen's Gambit Declined: Tartakower Defence} 14. Qe2 {LiveBook: 3 Games. The position is equal.} Rc8 (14... Ne4 15. Be5 Bd6 16. Rfd1 Qc7 17. Qc2 Nf6 18. Bxf6 Bxf3 19. gxf3 gxf6 20. f4 {½-½ (20) Chiburdanidze,M (2497)-Krush,I (2403) Bled 2002}) 15. Ba6 Qd5 $146 ({Predecessor:} 15... Bxa6 16. Qxa6 Bd6 17. dxc5 Bxg3 18. hxg3 Rxc5 19. Qxa7 Ra5 20. Qb7 Rxa2 21. Rb1 Qc8 22. Qxc8 Rxc8 23. Rxb6 Rc2 {½-½ (23) Gattass,A (2258)-Sztokbant,B (2059) Sao Jose do Rio Preto 2012}) 16. Bc4 Qh5 17. Ba6 Qd5 18. Bc4 Qh5 19. Ba6 Qd5 20. Bc4 1/2-1/2

[Event "XII Americas Continental-ch 2017"]
[Site "Medellin"]
[Date "2017.06.15"]
[Round "8"]
[White "Shabalov, Alexander"]
[Black "Iturrizaga Bonelli, Eduardo"]
[Result "0-1"]
[WhiteElo "2556"]
[BlackElo "2663"]
[Annotator "TA"]
[PlyCount "74"]
[EventDate "2017.??.??"]
[EventType "swiss"]
[EventCountry "COL"]
[SourceTitle "playchess.com"]
[Source "ChessBase"]
[SourceQuality "1"]

{[%evp 17,74,6,20,0,4,4,3,-6,0,-55,-6,-39,0,0,0,3,17,17,17,22,23,0,0,0,6,0,0,0,22,-25,-27,-46,39,26,20,-56,-50,-262,-260,-247,-257,-245,-259,-274,-269,-274,-262,-331,-314,-325,-318,-318,-318,-318,-318,-325,-250,-1385,-1362]} 1. e4 c5 2. Nf3 e6 3. d4 cxd4 4. Nxd4 Nc6 5. Nc3 Qc7 6. Be3 Nf6 7. Bd3 a6 8. O-O Bd6 9. h3 O-O 10. Nde2 {B48: Sicilian: Taimanov: 5 Nc3 Qc7 6 Be3 a6 without Be2} (10. Qd2 Nxd4 11. Bxd4 Bf4 12. Be3 Bh2+ 13. Kh1 Be5 14. Na4 b5 15. Nb6 Rb8 16. Nxc8 Rbxc8 17. c3 Qc6 18. Rfe1 d5 19. f4 Bc7 20. e5 Nd7 21. a4 {½-½ (21) Svrsek,R (2373)-Paleckis,E (2429) Remote email 2014}) 10... b5 11. f4 {Hoping for e5.} Be7 $146 ({Predecessor:} 11... e5 12. f5 Rb8 13. Qe1 Be7 14. Ng3 Nb4 15. Qe2 Bc5 16. Bxc5 Qxc5+ {1-0 (41) Medvedyk,V-Pokotylo,M Lvov 2011}) 12. e5 {The position is equal.} Ne8 $1 13. Ng3 (13. Nd4 $11) 13... g6 14. a4 bxa4 (14... b4 $5 {[%cal Rb4c3]} 15. Nce4 f5 16. exf6 Nxf6 $11) 15. Nxa4 Rb8 16. c3 d6 17. exd6 $1 Nxd6 18. Qe2 a5 19. Ne4 Nf5 20. Bc5 Rd8 21. Rf2 (21. g4 $5 {[%cal Rg4f5]} Nd6 22. Qf2 $11) 21... Bh4 22. Rf3 Ng7 23. Bb5 f5 24. Nf2 Ne7 ({Black should try} 24... e5 $1 $15) 25. Ba6 $14 Bd7 26. Bd4 (26. Qe5 $11 Qxe5 27. fxe5) 26... Bc6 $15 27. Qc4 $2 {[#]} ({Better is} 27. Rd3 $15) 27... Rxd4 $1 $19 28. cxd4 Qa7 29. Nc5 Bxf3 ({Weaker is} 29... Rxb2 30. Nfd3 $11) 30. gxf3 {intending Nfd3.} Bxf2+ ({Less strong is} 30... Rxb2 31. Nfd3 $15) 31. Kxf2 Rxb2+ 32. Kg1 Rb4 33. Qa2 Rxd4 34. Qxa5 Rd5 ({Don't play} 34... Rxf4 35. Be2 $19) 35. Rc1 Nh5 36. Qb5 Kf7 {aiming for ...Qc7.} 37. Bb7 $2 {[#]} (37. Qb7 Qxb7 38. Bxb7) 37... Qa3 {Precision: White = 40%, Black = 65%.} 0-1

[Event "XII Americas Continental-ch 2017"]
[Site "Medellin"]
[Date "2017.06.15"]
[Round "8"]
[White "Erenburg, Sergey"]
[Black "Cruz, Cristhian"]
[Result "1-0"]
[WhiteElo "2550"]
[BlackElo "2558"]
[Annotator "TA"]
[PlyCount "85"]
[EventDate "2017.??.??"]
[EventType "swiss"]
[EventCountry "COL"]
[SourceTitle "playchess.com"]
[Source "ChessBase"]
[SourceQuality "1"]

{[%evp 18,85,36,31,43,26,39,27,29,29,18,0,31,23,31,18,29,28,24,29,77,75,64,61,66,64,64,25,37,30,31,20,22,12,23,0,13,8,9,17,13,28,23,28,139,129,147,162,170,122,134,146,189,183,233,221,514,514,507,483,515,498,496,463,593,585,1143,1073,1308,495]} 1. e4 e6 2. d4 d5 3. Nd2 Be7 4. e5 c5 5. c3 Nc6 6. Bd3 {C03: French Tarrasch: Unusual Black 3rd moves} Nh6 (6... h5 7. Ndf3 Bd7 8. Ne2 cxd4 9. cxd4 Nb4 10. Bb1 Bb5 11. O-O Rc8 12. Re1 g5 13. Nc3 Ba6 {1-0 (46) Blomqvist,E (2546)-Eljanov,P (2755) Malmo 2017}) 7. Ndf3 cxd4 8. cxd4 Nf5 9. Ne2 Qb6 10. O-O {LiveBook: 16 Games} Bd7 {[%cal Rf5d4]} 11. Kh1 (11. Bxf5 $5 exf5 12. Bg5 $14) 11... Rc8 ({Not} 11... Ncxd4 $2 12. Nexd4 Nxd4 13. Be3 $18) 12. Rb1 (12. Bd2 {is more complex.} O-O 13. b4 g6 14. Rb1 a6 15. Bc3) 12... Nb4 ({Reject} 12... Ncxd4 13. Nfxd4 Rxc1 14. Rxc1 $16) ({Avoid the trap} 12... Nfxd4 $2 13. Nexd4 Nb4 14. Be3 $18) 13. Bxf5 $1 exf5 {[#]} 14. Nc3 $146 Be6 (14... Bb5 $5) 15. Bg5 Bf8 16. a3 Nc6 17. b4 {[%cal Bb2b4,Bb4b5][%mdl 32]} h6 18. Bd2 Be7 {[#]} 19. b5 $1 {[%cal Rb5c6]} Nb8 20. Na4 Qd8 21. Nc5 Rc7 22. Bb4 O-O 23. Rc1 b6 24. Nxe6 fxe6 25. Qd2 $36 {[%mdl 2048] White fights for an advantage.} Rf7 26. g3 Bxb4 27. Qxb4 Qc8 28. Qb2 a6 29. a4 axb5 30. axb5 Kh7 (30... Rxc1 $1 $11 {keeps the balance.} 31. Rxc1 Rc7 32. Rxc7 Qxc7) 31. h4 Rfd7 32. Kg2 Qe8 33. Rxc7 Rxc7 34. Rc1 Rxc1 35. Qxc1 Qd7 36. h5 g5 $2 {[#]} (36... Qe8 {was necessary.} 37. Nh4 Qd8) 37. hxg6+ $18 {White is clearly winning.} Kxg6 38. Ng1 Kg7 39. Nh3 Qd8 40. Nf4 Kf7 41. Nh5 Kg6 42. Nf6 Nd7 43. Qc6 {Precision: White = 74%, Black = 40%.} (43. Nxd7 $142 Qxd7 44. Qc6) 1-0

[Event "XII Americas Continental-ch 2017"]
[Site "Medellin"]
[Date "2017.06.15"]
[Round "8"]
[White "Vera Siguenas, Deivy"]
[Black "Zapata, Alonso"]
[Result "0-1"]
[WhiteElo "2526"]
[BlackElo "2420"]
[Annotator "TA"]
[PlyCount "66"]
[EventDate "2017.??.??"]
[EventType "swiss"]
[EventCountry "COL"]
[SourceTitle "playchess.com"]
[Source "ChessBase"]
[SourceQuality "1"]

{[%evp 16,66,46,34,52,56,53,12,11,28,39,40,46,33,36,36,64,27,25,17,24,29,41,13,29,0,0,0,0,0,0,0,0,0,0,0,4,0,0,0,0,0,0,-81,-82,-86,-68,-159,-154,-191,-178,-1317,-650]} 1. e4 c5 2. Nf3 e6 3. d4 cxd4 4. Nxd4 Nc6 5. Nc3 Qc7 6. g3 d6 7. Bg2 a6 8. O-O Be7 9. Re1 Nxd4 {B47: Sicilian: Taimanov: 5 Nc3 Qc7 6 f4, 6 g3 and 6 Be2} (9... Bd7 10. Nxc6 Bxc6 11. Qg4 h5 12. Qe2 h4 13. a4 Nf6 14. a5 Kf8 15. Be3 e5 16. Nd5 Nxd5 17. exd5 Bb5 18. c4 Qxc4 19. Qxc4 Bxc4 20. Rec1 Bd3 {½-½ (42) Navara,D (2702)-Movsesian,S (2705) Prague 2011}) 10. Qxd4 Nf6 11. a4 O-O {The position is equal.} 12. a5 e5 $146 ({Predecessor:} 12... Bd7 13. h3 Bc6 14. Be3 Nd7 15. Qd2 b6 16. axb6 Nxb6 17. Qd4 Rfb8 18. Red1 {1-0 (52) Hakki,I (2451)-Sachdev,T (2240) Abu Dhabi 2004}) 13. Qd3 Be6 14. Be3 Rac8 15. Rec1 Qc6 16. Qd2 (16. Nd5 $5 {[%cal Rd5e7]} Qe8 17. Nxe7+ Qxe7 18. b3 $16) 16... Bd8 17. h3 b5 18. axb6 Bxb6 19. Bxb6 Qxb6 20. Nd5 Bxd5 21. exd5 Qxb2 22. Rxa6 Rfd8 23. Rc6 Kf8 24. Qe3 Rb8 25. Rd1 {[%cal Bc1d1,Bd1d3,Bd3a3,Ba3a7][%mdl 32]} h6 26. Rd3 Rb4 27. Ra3 e4 28. c4 Qc2 $36 {[%mdl 2048] Black has some pressure.} 29. Kh2 (29. Ra1 $11) 29... Rb2 $17 ({Reject} 29... Rxc4 $6 30. Qb6 $14) 30. Ra7 {Threatens to win with Rcc7.} Kg8 31. Rcc7 {[#]} ({White should play} 31. Raa6 $15) 31... Rf8 $1 ({Stronger than} 31... Qxf2 32. Qxf2 Rxf2 33. Kg1 $11) 32. Re7 {[%cal Rg2e4]} Qxc4 33. Bxe4 $2 (33. Ra1) 33... Qf1 {Precision: White = 45%, Black = 76%.} (33... Nxe4 $142 34. Rxe4 Qf1) 0-1

[Event "XII Americas Continental-ch 2017"]
[Site "Medellin"]
[Date "2017.06.15"]
[Round "8"]
[White "Garcia Pantoja, Roberto"]
[Black "Escalante Ramirez, Brian Sebasti"]
[Result "1/2-1/2"]
[WhiteElo "2500"]
[BlackElo "2338"]
[Annotator "TA"]
[PlyCount "68"]
[EventDate "2017.??.??"]
[EventType "swiss"]
[EventCountry "COL"]
[SourceTitle "playchess.com"]
[Source "ChessBase"]
[SourceQuality "1"]

{[%evp 29,68,0,1,-31,2,-18,-31,-16,23,29,31,4,14,0,0,0,29,-14,0,-21,-21,-16,0,-37,0,-38,0,0,0,0,18,22,11,-42,22,-95,-95,-93,-44,-105,0]} 1. e4 c5 2. Nf3 d6 3. d4 cxd4 4. Nxd4 Nf6 5. Nc3 Nc6 6. Bg5 e6 7. Qd2 a6 8. O-O-O h6 9. Nxc6 bxc6 10. Bf4 d5 11. Qe3 Bb4 12. a3 {B66: Sicilian: Richter-Rauzer: 7...a6 8 0-0-0 h6} (12. Be2 O-O 13. e5 Nd7 14. h4 c5 15. Bxh6 gxh6 16. Qxh6 Nxe5 17. Rh3 Bxc3 18. bxc3 Ra7 19. Rg3+ Ng6 20. h5 Qh4 21. Rg4 Qh2 22. Bd3 {1-0 (22) Karjakin,S (2785)-Ivanchuk,V (2747) Doha 2016}) 12... Ba5 13. Be2 O-O 14. e5 Nd7 15. Qg3 Bc7 {LiveBook: 13 Games} 16. Na4 (16. Bxh6 {looks sharper.} Bxe5 17. f4 Bf6 18. h4 Qa5 19. h5) 16... f5 $146 (16... Kh8 {seems wilder.} 17. Kb1 Rb8 18. c4 Qe7 19. h4 a5) ({Predecessor:} 16... Kh8 17. Qe3 Rb8 {1-0 (63) Teichmann,C (2481)-Miletic,A (2398) ICCF email 2008}) 17. exf6 {[%csl Gf6][%cal Rg3g7] [#]} (17. Bxh6 $5 {[%cal Rg3g7]} Bxe5 18. Bf4 Bxf4+ 19. Qxf4 $11) 17... Bxf4+ 18. Qxf4 Qxf6 (18... e5 {is interesting.} 19. Qe3 Qxf6 20. Rhf1 a5 21. Kb1 Ba6) 19. Qxf6 Rxf6 20. f3 c5 21. c4 Bb7 22. Bd3 d4 23. Rde1 Rb8 24. Be4 Bxe4 25. Rxe4 Rg6 26. Re2 Kf7 27. Rhe1 Ke7 28. Kc2 Kd6 29. Rd1 Nb6 30. Nxb6 Rxb6 31. Rd3 (31. b4 $11) 31... Rf6 (31... a5 $15) 32. Rb3 (32. b4 $1 $11 {remains equal.}) 32... Rxb3 $17 33. Kxb3 Rf4 34. Rd2 (34. Kc2 $15) 34... Ke5 {Precision: White = 24%, Black = 13%.} ({Black should play} 34... g5 $17 35. Kc2 a5) 1/2-1/2